Sports Quiz

Random Sports or World Quiz
Score 0/18 Timer 02:00
0 Plays Today
Year Team % Correct
1930Uruguay
89.3%
1934Italy
86.4%
1966England
82.9%
1970Brazil
80.7%
1958Brazil
78.6%
2006Italy
78.6%
1998France
77.1%
1994Brazil
75.7%
2002Brazil
75%
Year Team % Correct
1962Brazil
73.6%
1978Argentina
72.1%
1974Germany
71.4%
1954Germany
69.3%
1938Italy
67.9%
1950Uruguay
67.1%
1982Italy
66.4%
1990Germany
65.7%
1986Argentina
63.6%
Remove Ads.
Support Sporcle.
Get the best of Sporcle when you Go Orange. This ad-free experience offers more features, more stats, and more fun while also helping to support Sporcle. Thank you for becoming a member.

You're not logged in!

Compare scores with friends on all Sporcle quizzes.
OR
Log In

Show Comments

Extras

Top Quizzes Today


Score Distribution

Your Account Isn't Verified!

In order to create a playlist on Sporcle, you need to verify the email address you used during registration. Go to your Sporcle Settings to finish the process.

Report this User

Report this user for behavior that violates our Community Guidelines.

Details: